000 00346 a2200169 4500
001 187828
020 _a85-7319-247-X
040 _cMagnum
100 _aAlmeida, Zelia
240 1 0 _aJornal do egito
_lpor
245 1 0 _aJornal do egito
300 _a32
362 0 _a2008
440 1 _aDimensão
697 _aHISTÓRIA GERAL
942 _cBK
999 _c187828
_d187828